000 00681nam a2200241Ia 4500
003 OSt
005 20221007080821.0
006 a|||||r|||| 00| 0
007 ta
008 221006b |||||||| |||| 00| 0 eng d
020 _a9780231169912
024 _a45,462
037 _cTextual
040 _aFLL
_cFLL
_beng
041 _2eng
_aeng
082 _aY7:(L9F:67).2, Q4
100 _aPANDE Amrita
245 0 _aWombs in labor
_b Transnational commercial surrogacy in India
260 _aNew York
_bColumbia University Press USA
_c2014
300 _axi,253p.
_ccm.
942 _hY7:(L9F:67).2, Q4
_cTEXL
_2CC
999 _c1160990
_d1160990